000 00453nam a2200145Ia 4500
008 231129s1999||||xx |||||||||||||| ||spa||
020 _a958-9235-74-9
040 _bspa
082 _aCo860.7 G216pe
100 _aPeralta Gómez Andrés
245 0 _aAnálisis Literario Relato de un Náufrago : Gabriel Garcí­a Márquez (Colombia)
260 _c1999
264 _aBogotá Colombia : Esquilo
942 _2ddc
_cBKS
999 _c5123
_d5123